Race, theft, and ethics (Record no. 16897)
[ view plain ]
| 000 -LEADER | |
|---|---|
| fixed length control field | 01935nam a2200409 a 4500 |
| 082 04 - DEWEY DECIMAL CLASSIFICATION NUMBER | |
| Classification number | 810.9/355 |
| 100 1# - MAIN ENTRY--AUTHOR NAME | |
| Personal name | King, Lovalerie. |
| 245 10 - TITLE STATEMENT | |
| Title | Race, theft, and ethics |
| 260 ## - PUBLICATION, DISTRIBUTION, ETC. (IMPRINT) | |
| Place of publication | Baton Rouge : |
| Name of publisher | Louisiana State University Press, |
| Year of publication | c2007. |
| 300 ## - PHYSICAL DESCRIPTION | |
| Number of Pages | x, 187 p. : |
| Other physical details | ill. |
| 490 1# - SERIES STATEMENT | |
| Series statement | Southern literary studies |
| 505 0# - FORMATTED CONTENTS NOTE | |
| Formatted contents note | Race, property, and ethics: the historical and legal equation -- The ethics of living slavery and Jim Crow -- Theft and love in two neo-freedom narratives: Toni Morrison's Beloved and Charles Johnson's Middle passage -- Miscegenation, disinheritance, and the ethics of passing -- In quest of the elusive American dream. |
| 650 #0 - SUBJECT ADDED ENTRY--TOPICAL TERM | |
| Topical Term | American literature |
| Topical Term | Property in literature. |
| Topical Term | Theft in literature. |
| Topical Term | African Americans in literature. |
| Topical Term | Law in literature. |
| Topical Term | Ethics in literature. |
| Topical Term | Race discrimination in literature. |
| 856 40 - ELECTRONIC LOCATION AND ACCESS | |
| Uniform Resource Identifier | http://site.ebrary.com/lib/rucke/Doc?id=10285374 |
No items available.
